Possession order (Record no. 70957)
[ view plain ]
| 000 -LEADER | |
|---|---|
| fixed length control field | 01615cam a2200229 4500 |
| 001 - CONTROL NUMBER | |
| control field | WB3830-16 |
| 008 - FIXED-LENGTH DATA ELEMENTS--GENERAL INFORMATION | |
| fixed length control field | 020815n2002 000 0 eng u |
| 035 ## - SYSTEM CONTROL NUMBER | |
| System control number | (Sirsi) u119342 |
| 245 ## - TITLE STATEMENT | |
| Title | Possession order |
| 260 ## - PUBLICATION, DISTRIBUTION, ETC. | |
| Date of publication, distribution, etc. | 2002 |
| 490 ## - SERIES STATEMENT | |
| Series statement | Estates Gazette Case Summaries |
| Volume/sequential designation | [2002] 32 EG 87 (CS) |
| 520 ## - SUMMARY, ETC. | |
| Summary, etc. | CA 31 July 2002. "Dunn and another v Bradford Metropolitan District Council; Marston and another v Leeds City Council". These two joined cases both saw the councils (B) as landlords let the propeties to the tenants (D) under secure tenancies. D applied to the court for possession orders under the Housing Act 1985 and these were granted. D sought to hold B responsible for an alleged failure to keep the properties in repair during the whole of the tenant's occupancy. D relied upon their covenants under the former tenancies and sought to establish if those tenancies had continued throughout their occupancy. D applied to postpone possession dates set out in the possession orders. In the first case the judge decided that there was no power to postpone the date of possession but the judge in the second case reached the opposite conclusion. The two losing parties appealed and the first appeal was dismissed while the second was allowed. |
| 590 ## - LOCAL NOTE (RLIN) | |
| Local note | WB |
| 650 ## - SUBJECT ADDED ENTRY--TOPICAL TERM | |
| Topical term or geographic name entry element | POSSESSION ORDER |
| 650 ## - SUBJECT ADDED ENTRY--TOPICAL TERM | |
| Topical term or geographic name entry element | HOUSING ACT 1985 |
| 650 ## - SUBJECT ADDED ENTRY--TOPICAL TERM | |
| Topical term or geographic name entry element | SECURE TENANCY |
| 650 ## - SUBJECT ADDED ENTRY--TOPICAL TERM | |
| Topical term or geographic name entry element | REPAIR AND MAINTENANCE |
| 650 ## - SUBJECT ADDED ENTRY--TOPICAL TERM | |
| Topical term or geographic name entry element | SUPPLY OF GOODS AND SERVICES ACT 1982 |
| 650 ## - SUBJECT ADDED ENTRY--TOPICAL TERM | |
| Topical term or geographic name entry element | DEFECTIVE PREMISES ACT 1972 |
| 690 ## - LOCAL SUBJECT ADDED ENTRY--TOPICAL TERM (OCLC, RLIN) | |
| Topical term or geographic name as entry element | PROPERTY-RESIDENTIAL PROPERTY-RESIDENTIAL LANDLORD AND TENANT-RESIDENTIAL TENANCIES |
| 942 ## - ADDED ENTRY ELEMENTS (KOHA) | |
| Suppress in OPAC | 0 |
| Withdrawn status | Lost status | Source of classification or shelving scheme | Damaged status | Not for loan | Home library | Current library | Shelving location | Date acquired | Total Checkouts | Full call number | Barcode | Date last seen | Copy number | Price effective from | Koha item type |
|---|---|---|---|---|---|---|---|---|---|---|---|---|---|---|---|
| Dewey Decimal Classification | London | London | News article | 15/08/2002 | WB3830-16 | 119342-1002 | 06/08/2019 | 2 | 06/08/2019 | News article |